Interactions of nutrition and infection /

Bibliographic Details
Main Author: Scrimshaw, Nevin S.
Other Authors: Taylor, Carl E., Gordon, John Everett
Format: Book
Language:English
Published: Geneva : World Health Organization, 1968.
Series:Monograph series (World Health Organization) ; no. 57.
Subjects:

MARC

Tag First Indicator Second Indicator Subfields
LEADER 00000cam a2200000 4500
001 in00000046491
005 20151007073229.0
008 690905s1968 sz b 00010 eng
010 |a  75408263  
035 |a (OCoLC)00017791 
035 |9 AAE9363AM 
040 |a DLC  |c DLC  |d TXA  |d UtOrBLW 
049 |a TXAM  |c [1115481] 
050 0 0 |a RB153  |b .S33 
082 0 |a 616.07 
100 1 |a Scrimshaw, Nevin S. 
245 1 0 |a Interactions of nutrition and infection /  |c [by] Nevin S. Scrimshaw, Carl E. Taylor, [and] John E. Gordon. 
264 1 |a Geneva :  |b World Health Organization,  |c 1968. 
300 |a 329 pages ;  |c 24 cm. 
336 |a text  |b txt  |2 rdacontent 
337 |a unmediated  |b n  |2 rdamedia 
338 |a volume  |b nc  |2 rdacarrier 
490 1 |a World Health Organization. Monograph series,  |v no. 57 
504 |a Bibliography: pages 269-329. 
650 0 |a Diseases  |x Causes and theories of causation. 
650 0 |a Malnutrition. 
650 0 |a Infection. 
700 1 |a Taylor, Carl E. 
700 1 |a Gordon, John Everett. 
830 0 |a Monograph series (World Health Organization) ;  |v no. 57. 
999 |a MARS 
999 f f |s c1f38499-49a9-31a3-8ba2-16b344572d8b  |i d5a595aa-077d-3aba-9a35-55fa0eb0004d  |t 0 
952 f f |p ric  |a Texas A&M University  |b Rellis Campus  |c Joint Library Facility  |s JLF  |d Remote Storage  |t 0  |e RB153 .S33  |h Library of Congress classification  |i unmediated -- volume  |m A14805086359 
998 f f |a RB153 .S33  |t 0  |l Remote Storage